[Event "St.Petersburg Summer Open"]
[Site "St Petersburg RUS"]
[Date "2016.08.24"]
[Round "8.53"]
[White "Kuzmishin, Leonid"]
[Black "Zvereva, Svetlana"]
[Result "1-0"]
[WhiteElo "1762"]
[BlackElo "1579"]
[WhiteFideId "34136387"]
[BlackFideId "24121282"]
[EventDate "2016.08.17"]

1. d4 d5 2. Nf3 Nf6 3. g3 e6 4. Bg2 c5 5. c4 cxd4 6. cxd5 Bb4+ 7. Bd2 Bxd2+ 8.
Qxd2 Nxd5 9. Nxd4 O-O 10. O-O Nf6 11. Qc3 a6 12. e3 Qe7 13. Nd2 e5 14. N4b3 e4
15. Rac1 Nc6 16. Nc5 Bf5 17. Nxb7 Qxb7 18. Qxc6 Qxb2 19. Rc2 Qb5 20. Rb1 Qxc6
21. Rxc6 Rfd8 22. Nc4 Be6 23. a3 h6 24. Nd6 Bd5 25. Rcb6 Ra7 26. Nf5 Be6 27. Nd4
Bd5 28. Bf1 a5 29. a4 Rc8 30. Rb8 Rc7 31. Nf5 Rxb8 32. Rxb8+ Kh7 33. Bb5 Rc1+
34. Kg2 Bc4 35. Nd6 Be6 36. h3 Rd1 37. Nb7 Ra1 38. Nxa5 Nd5 39. Bc6 Nc3 40. Rb4
f5 41. Nb7 Ra2 42. a5 Nd1 43. Ra4 Rxf2+ 44. Kg1 Rc2 45. Nd8 Bc8 46. Bb7 Nxe3 47.
a6 Bxb7 48. axb7 Rb2 49. Ra8 Rg2+ 50. Kh1 Rc2 51. b8=Q Rc1+ 52. Kh2 Rc2+ 53. Kg1
Rg2+ 54. Kh1 Rd2 55. Ra1 Nd5 56. Qe5 Kg8 57. Ne6 Nf6 58. Qc3 Re2 59. Nf4 Rf2 60.
Qc8+ Kh7 1-0

[Event "St.Petersburg Summer Open"]
[Site "St Petersburg RUS"]
[Date "2016.08.24"]
[Round "8.56"]
[White "Romanov, Aleksandr"]
[Black "Mestnikov, Aidin"]
[Result "0-1"]
[WhiteElo "1722"]
[BlackElo "1649"]
[WhiteFideId "54111722"]
[BlackFideId "34160210"]
[EventDate "2016.08.17"]

1. c4 c6 2. d4 d5 3. Nc3 Nf6 4. Nf3 e6 5. Bg5 Nbd7 6. e3 Qa5 7. Qd2 Bb4 8. Rc1
dxc4 9. Bxc4 Ne4 10. Qc2 Nxg5 11. Nxg5 Qxg5 12. O-O Bxc3 13. Qxc3 O-O 14. Qb3 b6
15. f4 Qf6 16. Rf2 Bb7 17. Rcf1 g6 18. e4 b5 19. Be2 Rad8 20. e5 Qe7 21. g4 Nb6
22. Qe3 Nd5 23. Qd2 Qh4 24. g5 h6 25. gxh6 Qxh6 26. Qd3 Kg7 27. Rg2 Nxf4 28. Qf3
Nxg2 29. Kxg2 Rxd4 30. Qf6+ Kg8 0-1

[Event "St.Petersburg Summer Open"]
[Site "St Petersburg RUS"]
[Date "2016.08.24"]
[Round "8.57"]
[White "Radosevic, Nevena"]
[Black "Afanasiev, Nikita A."]
[Result "0-1"]
[WhiteElo "1589"]
[BlackElo "1716"]
[WhiteFideId "900435"]
[BlackFideId "44148089"]
[EventDate "2016.08.17"]

1. d4 Nf6 2. c4 e6 3. Nc3 Bb4 4. Qc2 Bxc3+ 5. Qxc3 b6 6. Nf3 Bb7 7. e3 O-O 8.
Be2 Na6 9. O-O c5 10. a3 d5 11. Rd1 Rc8 12. dxc5 Nxc5 13. b4 Nce4 14. Qe1 Qe7
15. cxd5 Bxd5 16. h3 Nc3 17. Rd2 Nfe4 18. Rb2 Qf6 19. Nd4 Nxe2+ 20. Rxe2 Qg6 21.
f3 Ng5 22. h4 Nxf3+ 23. Nxf3 Bxf3 24. Rf2 Bd5 25. Bb2 Rc4 26. Rd2 Rg4 27. Qf2 f6
28. Rc1 Rxg2+ 29. Qxg2 Bxg2 30. Rxg2 Qe4 31. Rc7 Qxe3+ 32. Kh1 Qe1+ 33. Kh2
Qxh4+ 34. Kg1 Qe1+ 35. Kh2 g6 36. Rxa7 Qh4+ 37. Kg1 Rd8 38. Re2 Qg3+ 0-1

[Event "St.Petersburg Summer Open"]
[Site "St Petersburg RUS"]
[Date "2016.08.24"]
[Round "8.58"]
[White "Kapitsa, Artem"]
[Black "Bezobrazov, Lev"]
[Result "0-1"]
[WhiteElo "1402"]
[BlackElo "1528"]
[WhiteFideId "44188056"]
[BlackFideId "4152409"]
[EventDate "2016.08.17"]

1. d4 Nf6 2. c4 g6 3. Nc3 Bg7 4. Nf3 O-O 5. Qc2 d6 6. Bf4 Nh5 7. Bg3 f5 8. Bh4
c6 9. Bg5 h6 10. Bd2 e5 11. dxe5 dxe5 12. O-O-O e4 13. Ng1 Be6 14. e3 g5 15.
Nce2 Kh7 16. Bb4 Qe8 17. Bxf8 Qxf8 18. Nd4 Bc8 19. Nge2 Nf6 20. Ng3 Ne8 21. Be2
c5 22. Nb3 Nc6 23. a3 a5 24. f3 exf3 25. Bxf3 Ne5 26. Bd5 a4 27. Nd2 Bd7 28. h3
Rb8 29. Nf3 b5 30. Nxe5 Bxe5 31. Ne2 b4 32. b3 axb3 33. Qd2 b2+ 34. Kb1 Ba4 35.
Rdf1 bxa3 36. Ka2 Nc7 37. Kxa3 Nxd5 38. cxd5 Bb3 39. Nc3 c4+ 40. Kxb2 Qf6 41.
Rc1 Bd1+ 42. Ka1 Ra8+ 43. Kb1 Bb3 44. Qb2 Qb6 45. Rhe1 Ra2 46. Nxa2 Bxb2 47.
Kxb2 Ba4+ 48. Kc3 Qb3+ 49. Kd4 Qxa2 50. Kc3 Bb3 51. Kd4 Qxg2 52. d6 Qe4+ 53. Kc5
Qe5+ 54. Kc6 Ba4+ 55. Kc7 Qc5+ 56. Kb7 Qc6+ 57. Ka7 Qd7+ 58. Ka6 Qxd6+ 59. Ka5
Bb3 60. Kb5 g4 61. hxg4 fxg4 62. Rh1 Qe5+ 63. Kb4 Qxe3 64. Rhe1 Qb6+ 65. Kc3 h5
66. Re7+ Kh6 67. Rce1 Qf6+ 68. Kb4 Kg5 69. R7e5+ Kh4 70. Rh1+ Kg3 71. Rhxh5 Kf4
72. Ra5 g3 73. Rh1 g2 74. Rg1 0-1

[Event "St.Petersburg Summer Open"]
[Site "St Petersburg RUS"]
[Date "2016.08.24"]
[Round "8.59"]
[White "Trushnikov, Viacheslav"]
[Black "Yun, Vyacheslav"]
[Result "0-1"]
[WhiteElo "1758"]
[BlackElo "1750"]
[WhiteFideId "24115185"]
[BlackFideId "34126667"]
[EventDate "2016.08.17"]

1. Nf3 d5 2. b3 c5 3. Bb2 e6 4. e3 Nf6 5. Bb5+ Nc6 6. Bxc6+ bxc6 7. Ne5 Qc7 8.
O-O Bd6 9. f4 O-O 10. d3 Nd7 11. Nxd7 Bxd7 12. Nd2 f5 13. Nf3 d4 14. exd4 cxd4
15. Bxd4 Bxf4 16. Qe2 c5 17. Be5 Bxe5 18. Qxe5 Qxe5 19. Nxe5 Be8 20. Rae1 Rd8
21. g3 Rf6 22. Nc4 g5 23. Re5 Rd5 24. Rxd5 exd5 25. Ne3 Bc6 26. Rxf5 Rxf5 27.
Nxf5 Kf7 28. c3 Kf6 29. Ne3 Ke5 30. Ng4+ Kf5 31. Nf2 h5 32. d4 cxd4 33. cxd4 Bb5
34. a4 Be2 35. h3 g4 36. hxg4+ hxg4 37. b4 a6 38. Kg2 Kg5 39. Nh1 Kf5 40. Kf2
Bf3 41. b5 axb5 42. axb5 Ke6 43. Kg1 Kd7 44. Nf2 Be2 45. b6 Kc6 46. Nxg4 Bxg4
47. Kf2 Kxb6 48. Ke3 Kb5 49. Kf4 Bd7 50. g4 Bxg4 51. Kxg4 Kc4 0-1

[Event "St.Petersburg Summer Open"]
[Site "St Petersburg RUS"]
[Date "2016.08.24"]
[Round "8.61"]
[White "Biyachuev, Minkail"]
[Black "Nordquelle, Amelia"]
[Result "1-0"]
[WhiteElo "1400"]
[BlackElo "1153"]
[WhiteFideId "34120065"]
[BlackFideId "1531646"]
[EventDate "2016.08.17"]

1. e4 e5 2. Nf3 Nc6 3. Bc4 d6 4. h3 Nf6 5. Nc3 Be6 6. d3 Bxc4 7. dxc4 h6 8. Nd5
Nxe4 9. O-O b6 10. Re1 Nf6 11. Be3 Be7 12. b4 O-O 13. Nxe7+ Qxe7 14. b5 Na5 15.
Qe2 Qe6 16. Nd2 Qf5 17. Nb3 Nb7 18. g4 Qe6 19. Qf3 Nc5 20. Nxc5 bxc5 21. Qe2 a6
22. a4 Nd7 23. Bd2 Nb6 24. Ba5 Nxc4 25. Bxc7 f6 26. f4 Qd5 27. Red1 Qe6 28. f5
Qf7 29. b6 Rac8 30. Bxd6 Rfe8 31. Rab1 Nxd6 32. Rxd6 Qb7 33. Qd3 Kh7 34. Rd7 Qc6
35. a5 Qa4 36. Qxa6 Qxd7 37. Qe2 Qa4 38. a6 Rb8 39. c3 c4 40. a7 Rb7 41. Qb2 Qc6
42. Ra1 Rxb6 43. Qa2 Ra8 44. Qa4 Qc7 45. Qa5 Qb7 46. Qc5 Rc6 47. Qd5 Qc7 48. h4
Rc5 49. Qxa8 Qb6 50. Qb8 Rb5+ 51. Qxb6 Rxb6 52. a8=Q Rb3 53. Qd5 1-0

[Event "St.Petersburg Summer Open"]
[Site "St Petersburg RUS"]
[Date "2016.08.25"]
[Round "9.1"]
[White "Usmanov, Vasily"]
[Black "Apryshko, Gleb"]
[Result "1/2-1/2"]
[WhiteTitle "IM"]
[BlackTitle "FM"]
[WhiteElo "2423"]
[BlackElo "2335"]
[WhiteFideId "4135741"]
[BlackFideId "24131792"]
[EventDate "2016.08.17"]

1. Nf3 Nf6 2. c4 g6 3. Nc3 Bg7 4. g3 O-O 5. Bg2 d6 6. O-O c6 7. Rb1 d5 8. cxd5
cxd5 9. d3 Nc6 10. b4 d4 11. b5 dxc3 12. bxc6 bxc6 13. Qc2 Nd5 14. e4 Nc7 15. d4
Nb5 16. d5 Qa5 17. dxc6 Bg4 18. a4 Nd6 19. h3 1/2-1/2

[Event "St.Petersburg Summer Open"]
[Site "St Petersburg RUS"]
[Date "2016.08.25"]
[Round "9.3"]
[White "Triapishko, Olexandr"]
[Black "Grigoryeva, Olga A."]
[Result "1/2-1/2"]
[BlackTitle "WFM"]
[WhiteElo "2466"]
[BlackElo "2156"]
[WhiteFideId "14122286"]
[BlackFideId "24132594"]
[EventDate "2016.08.17"]

1. b3 e5 2. Bb2 Nc6 3. e3 Nf6 4. Bb5 e4 5. Ne2 a6 6. Bxc6 dxc6 7. Nbc3 Bf5 8.
Ng3 Bg6 9. O-O h5 10. f3 exf3 11. Qxf3 Qd7 12. d3 O-O-O 13. h3 Nd5 14. Kh1 f6
15. e4 Nxc3 16. Bxc3 h4 17. Nf5 Bxf5 18. Qxf5 Bd6 19. a4 Rhe8 20. Qxd7+ Rxd7 21.
Rf5 Rde7 22. Raf1 Be5 23. Bxe5 Rxe5 24. R5f4 Rh5 25. Rg4 Rh7 26. Rff4 Reh8 27.
Rg6 Re8 28. Rgg4 Reh8 29. e5 fxe5 30. Rf7 Re8 31. Kg1 c5 32. Kf2 Kd8 33. Rgxg7
Rxg7 34. Rxg7 e4 35. dxe4 Rxe4 36. Rg4 Rb4 37. g3 hxg3+ 38. Kxg3 Ke7 39. h4 Kf7
40. h5 Rb6 41. Kh4 Rd6 42. Rf4+ Kg7 43. Kg5 b6 44. Re4 Rd5+ 45. Kg4 Rd7 46. Re6
Kh7 47. Rc6 a5 48. c4 Rg7+ 49. Kh4 Re7 50. h6 Re4+ 51. Kg5 Re5+ 52. Kf4 Re7 53.
Kf5 Rf7+ 54. Kg5 Re7 55. Rf6 Re5+ 56. Rf5 Re7 57. Rf3 Rd7 58. Kf6 Rd6+ 59. Ke7
Rd4 60. Rh3 Rd1 61. Ke8 Rd2 62. Kf7 Rd7+ 63. Ke6 Rd6+ 64. Kf5 Rd7 65. Ke5 Rd1
66. Kf5 Rd2 67. Kg5 Rg2+ 68. Kf4 Rd2 69. Ke3 Rd7 70. Rh2 Re7+ 71. Kf4 Rf7+ 72.
Kg5 Rf3 73. Re2 Rg3+ 74. Kh5 Rh3+ 75. Kg5 Rg3+ 76. Kh5 Rh3+ 77. Kg4 Rxb3 78. Re6
Rb1 79. Rc6 Rg1+ 80. Kf5 Rf1+ 81. Ke6 Re1+ 82. Kd5 Rd1+ 83. Ke5 Re1+ 84. Kf5
Rf1+ 85. Kg5 Rg1+ 86. Kh5 1/2-1/2

[Event "St.Petersburg Summer Open"]
[Site "St Petersburg RUS"]
[Date "2016.08.25"]
[Round "9.4"]
[White "Borisovsky, Dmitry"]
[Black "Vlasenko, Miroslav"]
[Result "0-1"]
[BlackTitle "IM"]
[WhiteElo "2298"]
[BlackElo "2423"]
[WhiteFideId "34109410"]
[BlackFideId "4151887"]
[EventDate "2016.08.17"]

1. e4 Nc6 2. Nf3 d6 3. d4 Nf6 4. Nc3 g6 5. Bb5 a6 6. Bxc6+ bxc6 7. h3 Bg7 8. O-O
O-O 9. Be3 Rb8 10. Rb1 Nd7 11. Qd2 Re8 12. Nh2 c5 13. dxc5 Nxc5 14. Bxc5 dxc5
15. Qg5 Qd6 16. Rfd1 h6 17. Qh4 Qe6 18. Nd5 Rb7 19. b3 c6 20. Ne3 Rb4 21. Nc4
Rxc4 22. bxc4 Qxc4 23. Ng4 h5 24. Ne3 Qxa2 25. Qg5 Qa5 26. Rb8 Qc7 27. Rdb1 Bd4
28. c3 Be5 29. Ra8 Qd6 30. Nf5 Qd3 31. Nxe7+ Rxe7 32. Rxc8+ Kg7 33. Rf1 Qxe4 34.
Qd2 Bc7 35. Qe3 Qxe3 36. fxe3 Ba5 37. c4 Bd2 38. Rxc6 Bxe3+ 39. Kh1 Ra7 40. Rf3
Bd4 41. Ra3 a5 42. Ra4 h4 43. g3 hxg3 44. Kg2 Bf2 45. Rb6 Be1 46. Rb5 Re7 47.
Ra2 Bb4 48. Raxa5 Bxa5 49. Rxa5 Re5 50. Kxg3 Rf5 51. Ra7 Kf6 52. Rc7 Ke6 53.
Rc6+ Kd7 54. Ra6 Rf1 55. Ra7+ Ke6 56. Rc7 Kd6 57. Ra7 g5 58. Kg4 f6 59. Kh5 Rf4
60. Kg6 g4 61. hxg4 Rxg4+ 62. Kxf6 Rf4+ 63. Kg5 Rxc4 64. Kf5 Rh4 65. Ra8 Kd5 66.
Rd8+ Kc4 67. Rd1 Rd4 68. Rc1+ Kd5 69. Ra1 c4 70. Ra5+ Kd6 71. Ra8 Kc5 72. Ke5
Rd1 73. Ke4 Re1+ 74. Kf3 c3 75. Kf2 Re7 0-1

[Event "St.Petersburg Summer Open"]
[Site "St Petersburg RUS"]
[Date "2016.08.25"]
[Round "9.5"]
[White "Grigoriev, Semyon"]
[Black "Pasiev, Rakhim"]
[Result "0-1"]
[BlackTitle "IM"]
[WhiteElo "2132"]
[BlackElo "2407"]
[WhiteFideId "24111694"]
[BlackFideId "24122475"]
[EventDate "2016.08.17"]

1. d4 d6 2. e4 Nf6 3. Nc3 g6 4. f4 Bg7 5. Nf3 O-O 6. Be2 c6 7. O-O Bg4 8. e5 Ne8
9. h3 Bc8 10. Be3 b5 11. Qd2 Qc7 12. Ne4 a6 13. Ng3 Nd7 14. Ng5 Nb6 15. Rae1 f6
16. Nxh7 Kxh7 17. f5 gxf5 18. Nxf5 Bxf5 19. Rxf5 e6 20. Qd3 Kg8 21. Rh5 f5 22.
g4 dxe5 23. gxf5 e4 24. Qxe4 Qg3+ 25. Kf1 Rxf5+ 26. Rxf5 Qxh3+ 27. Kg1 exf5 28.
Qe6+ Kh8 29. Bd3 Nc7 30. Qg6 Rg8 31. Kf2 Be5 32. Qxc6 Ncd5 0-1

[Event "St.Petersburg Summer Open"]
[Site "St Petersburg RUS"]
[Date "2016.08.25"]
[Round "9.6"]
[White "Orlov, Oleg"]
[Black "Kukhmazov, Arsen"]
[Result "0-1"]
[WhiteTitle "FM"]
[BlackTitle "IM"]
[WhiteElo "2289"]
[BlackElo "2399"]
[WhiteFideId "4166612"]
[BlackFideId "24108260"]
[EventDate "2016.08.17"]

1. Nf3 d5 2. d4 Nf6 3. c4 c6 4. Qc2 g6 5. Bf4 Bg7 6. e3 O-O 7. Nc3 c5 8. Rd1 Qa5
9. dxc5 dxc4 10. Bxc4 Qxc5 11. Qb3 Nc6 12. Ng5 e6 13. Qb5 Qxb5 14. Nxb5 a6 15.
Nc3 b5 16. Be2 Bb7 17. O-O h6 18. Nge4 Nxe4 19. Nxe4 Nb4 20. Nc5 Bc6 21. Bd6
Rfd8 22. Nxe6 fxe6 23. Bxb4 Bxb2 24. Ba5 Rxd1 25. Rxd1 Bd5 26. f3 Rc8 27. e4
Bxa2 28. Rd2 Rc1+ 29. Kf2 Rb1 30. Bd3 Bd4+ 31. Kg3 Rb2 32. Rd1 e5 33. Rc1 Bf2+
34. Kh3 Be6+ 35. g4 Be3 36. Rh1 Bf4 37. Bf1 h5 38. Bd8 g5 39. Bb6 Kf7 40. Bg2
hxg4+ 41. fxg4 Rb3+ 42. Bf3 Rxf3+ 43. Kg2 Ra3 44. h4 Bxg4 45. hxg5 Bf3+ 46. Kh3
Bxh1+ 47. Kg4 Bxe4 48. g6+ Kxg6 49. Bf2 Bf5+ 50. Kh4 Rh3# 0-1

[Event "St.Petersburg Summer Open"]
[Site "St Petersburg RUS"]
[Date "2016.08.25"]
[Round "9.7"]
[White "Sichinava, Zviad"]
[Black "Kuznetsov, Felix"]
[Result "1-0"]
[WhiteElo "2298"]
[BlackElo "2150"]
[WhiteFideId "24111716"]
[BlackFideId "34147990"]
[EventDate "2016.08.17"]

1. d4 Nf6 2. c4 e6 3. g3 d5 4. Nf3 Be7 5. Bg2 O-O 6. O-O b6 7. cxd5 exd5 8. Nc3
Bb7 9. Bf4 Na6 10. Ne5 c5 11. dxc5 bxc5 12. Nc4 Qd7 13. Na5 Rad8 14. Nxb7 Qxb7
15. Qb3 Qc6 16. Rfd1 c4 17. Qb5 Qxb5 18. Nxb5 Bc5 19. b3 Rfe8 20. e3 h6 21. h4
Ne4 22. Bxe4 dxe4 23. bxc4 Nb4 24. Nc7 Rxd1+ 25. Rxd1 Rc8 26. Nd5 Nxa2 27. Rb1
a6 28. Be5 f6 29. Bd4 Kf7 30. Bxc5 Rxc5 31. Ra1 Ra5 32. Nc3 Ra3 33. Nxa2 Kg6 34.
c5 Kf7 35. c6 Ke7 36. c7 Kd7 37. Rc1 1-0

[Event "St.Petersburg Summer Open"]
[Site "St Petersburg RUS"]
[Date "2016.08.25"]
[Round "9.8"]
[White "Abramov, Nikita"]
[Black "Vunder, Andrey"]
[Result "1-0"]
[WhiteTitle "FM"]
[WhiteElo "2276"]
[BlackElo "2138"]
[WhiteFideId "24198951"]
[BlackFideId "4128338"]
[EventDate "2016.08.17"]

1. e4 e6 2. d4 d5 3. Nd2 c5 4. Ngf3 Nf6 5. exd5 exd5 6. Bb5+ Bd7 7. Bxd7+ Nbxd7
8. O-O Be7 9. dxc5 Nxc5 10. Nb3 Nce4 11. Nfd4 Nd6 12. c3 O-O 13. Nc5 Rc8 14. Nd3
Re8 15. Bf4 Bf8 16. Qb3 Qd7 17. Rad1 Nc4 18. Qb5 Qxb5 19. Nxb5 a6 20. Nd4 g6 21.
Rfe1 Bg7 22. Rxe8+ Rxe8 23. Nb3 b6 24. Bc1 Kf8 25. Kf1 Ng4 26. h3 Nf6 27. Nb4 a5
28. Nxd5 a4 29. Nxf6 Bxf6 30. Nd4 Rd8 31. Ke2 Bxd4 32. Rxd4 Rxd4 33. cxd4 Ke7
34. Kd3 b5 35. d5 Nb6 36. Kd4 Nd7 37. Bf4 Kd8 38. Kc3 Nb6 39. Bg5+ Kc7 40. Kb4
a3 41. bxa3 Nxd5+ 42. Kxb5 Nc3+ 43. Kc4 Ne4 44. Be3 Kc6 45. a4 Nd6+ 46. Kb4 Ne8
47. a5 Nc7 48. Kc4 Na6 49. a3 Nc7 50. Kd4 f6 51. Kc4 Nb5 52. Kb4 Nc7 53. g3 Kd5
54. Bb6 Na6+ 55. Kb5 1-0

[Event "St.Petersburg Summer Open"]
[Site "St Petersburg RUS"]
[Date "2016.08.25"]
[Round "9.9"]
[White "Zavgorodniaya, Alena"]
[Black "Fraiman, Dmitry"]
[Result "1/2-1/2"]
[WhiteElo "1937"]
[BlackElo "2241"]
[WhiteFideId "4169956"]
[BlackFideId "34100641"]
[EventDate "2016.08.17"]

1. e4 c5 2. Nf3 d6 3. Bb5+ Nc6 4. O-O Bd7 5. Re1 Nf6 6. c3 a6 7. Bf1 Bg4 8. h3
Bxf3 9. Qxf3 g6 10. d3 Bg7 11. Be3 O-O 12. Nd2 Nd7 13. Qd1 e6 14. Nf3 Rc8 15.
Qd2 Re8 16. d4 cxd4 17. cxd4 d5 18. exd5 exd5 19. Bh6 Qb6 20. Bxg7 Kxg7 21. b3
Nf6 22. Qf4 Re4 23. Qd6 Rd8 24. Qc5 Qxc5 25. dxc5 Rxe1 26. Rxe1 Ne4 27. Rc1 f5
28. a3 Kf6 29. b4 d4 30. Bd3 a5 31. b5 Ne5 32. Nxe5 Kxe5 33. c6 Nc3 34. Re1+ Kd6
35. cxb7 Rb8 36. Bc4 Kc5 37. Bd3 Rxb7 38. Re5+ Kd6 39. f4 Nd5 40. g3 Rc7 41. Re8
Rc3 42. Rd8+ Ke6 43. Bf1 Rxg3+ 44. Kh2 Rc3 45. Bg2 Rc5 46. a4 d3 47. Bxd5+ Rxd5
48. Re8+ Kd6 49. Rd8+ Kc5 50. Rc8+ Kd6 51. b6 d2 52. b7 d1=Q 53. b8=Q+ Ke6 54.
Qb6+ Kf7 55. Rc7+ Rd7 56. Rxd7+ Qxd7 57. Qxa5 Qd4 58. Qc7+ Kg8 59. Qb8+ Kf7 60.
Qc7+ Kg8 1/2-1/2

[Event "St.Petersburg Summer Open"]
[Site "St Petersburg RUS"]
[Date "2016.08.25"]
[Round "9.10"]
[White "Filyanin, Daniil"]
[Black "Markevich, Ilya"]
[Result "1/2-1/2"]
[WhiteElo "2098"]
[BlackElo "2195"]
[WhiteFideId "24177300"]
[BlackFideId "24114839"]
[EventDate "2016.08.17"]

1. e4 c5 2. Nf3 e6 3. d4 cxd4 4. Nxd4 Nc6 5. Nb5 d6 6. c4 a6 7. N5c3 Qc7 8. Be3
Nf6 9. f3 Be7 10. Na4 Nd7 11. Be2 O-O 12. O-O Nc5 13. Nbc3 Bd7 14. Rc1 Ne5 15.
f4 Nxa4 16. Nxa4 Bxa4 17. Qxa4 Nd7 18. Bf3 Nc5 19. Qc2 a5 20. Bd4 e5 21. Be3
exf4 22. Bxf4 Ne6 23. Be3 Bg5 24. Bxg5 Nxg5 25. Qd2 Qc5+ 26. Kh1 Rfe8 27. Qd5
Qxd5 28. exd5 Rac8 29. Kg1 g6 30. Rc3 Rc5 31. h4 Nxf3+ 32. gxf3 Re2 33. Rf2 Re1+
34. Kg2 b5 35. b3 Kg7 36. Rb2 Rd1 37. a4 bxa4 38. bxa4 Rdxd5 39. cxd5 Rxc3 40.
Rb6 Rc4 41. Kg3 Rxa4 42. Rxd6 Rd4 43. Rd8 Kf6 44. d6 Ke6 45. Ra8 a4 46. Ra7 Kxd6
47. Rxf7 a3 48. Ra7 Rd3 49. Rxh7 a2 50. Ra7 Rd2 51. Kf4 Rg2 52. Ra6+ Kd5 53. Ra4
Kc5 54. Ke5 Kb5 55. Ra8 Kb4 56. Kf6 Kb3 57. Ra6 Kb2 58. Rb6+ Kc1 59. Rc6+ Kb1
60. Rb6+ Kc1 61. Ra6 Kb1 62. Rb6+ Kc1 63. Ra6 Kb1 1/2-1/2

[Event "St.Petersburg Summer Open"]
[Site "St Petersburg RUS"]
[Date "2016.08.25"]
[Round "9.11"]
[White "Manin, Viktor"]
[Black "Lovkov, Roman"]
[Result "0-1"]
[BlackTitle "IM"]
[WhiteElo "2159"]
[BlackElo "2451"]
[WhiteFideId "14201291"]
[BlackFideId "4157389"]
[EventDate "2016.08.17"]

1. Nf3 Nf6 2. c4 e6 3. g3 d5 4. d4 Be7 5. Bg2 O-O 6. O-O Nbd7 7. Qc2 c6 8. Nbd2
b6 9. b3 Bb7 10. Bb2 Rc8 11. e4 c5 12. exd5 exd5 13. Ne5 cxd4 14. Bxd4 Nc5 15.
Qb2 Ne6 16. Bc3 Qc7 17. Nef3 dxc4 18. Nxc4 Bd5 19. Be5 Qb7 20. Nh4 Bxg2 21. Nxg2
Ng5 22. Nce3 Nf3+ 23. Kh1 Rc5 24. Bc3 Rfc8 25. Rac1 Ne4 26. Nc4 Rh5 27. h4 Qd7
28. Nf4 Qg4 29. Ne5 Rxh4+ 30. gxh4 Qxf4 31. Kg2 Nxh4+ 32. Kh1 Qf5 33. Kh2 Ng5
34. f4 Qh3+ 35. Kg1 Bc5+ 36. Bd4 Bxd4+ 0-1

[Event "St.Petersburg Summer Open"]
[Site "St Petersburg RUS"]
[Date "2016.08.25"]
[Round "9.12"]
[White "Lamorelle, Julien"]
[Black "Gnidenko, Andrey"]
[Result "1-0"]
[WhiteTitle "FM"]
[WhiteElo "2376"]
[BlackElo "2204"]
[WhiteFideId "616010"]
[BlackFideId "4199570"]
[EventDate "2016.08.17"]

1. e4 Nf6 2. e5 Nd5 3. c4 Nb6 4. d4 d6 5. exd6 exd6 6. Nc3 Be7 7. Bd3 Nc6 8.
Nge2 Bg4 9. f3 Bh4+ 10. g3 Bxf3 11. O-O Bxe2 12. Qxe2+ Be7 13. Qg4 Bf6 14. Be3
h5 15. Qf4 d5 16. c5 Nc4 17. Bxc4 dxc4 18. d5 Ne5 19. Bd4 Ng4 20. Rae1+ Kf8 21.
Bxf6 Nxf6 22. Qxc4 Qd7 23. c6 bxc6 24. dxc6 Qg4 25. Rf4 Qg6 26. Nb5 Re8 27. Ref1
Qg5 28. Nxc7 Re3 29. R4f3 Re4 30. Qxe4 1-0

[Event "St.Petersburg Summer Open"]
[Site "St Petersburg RUS"]
[Date "2016.08.25"]
[Round "9.13"]
[White "Dragun, Valentin"]
[Black "Karasev, Vladimir I"]
[Result "0-1"]
[BlackTitle "IM"]
[WhiteElo "2151"]
[BlackElo "2367"]
[WhiteFideId "4502540"]
[BlackFideId "4103971"]
[EventDate "2016.08.17"]

1. e4 c5 2. Nf3 e6 3. d4 cxd4 4. Nxd4 Qb6 5. Nb5 a6 6. Be3 Qa5+ 7. N5c3 Nf6 8.
Bd3 Qc7 9. a4 b6 10. Nd2 d6 11. Nc4 Nbd7 12. a5 bxa5 13. Nxa5 Be7 14. O-O O-O
15. Nb3 Ne5 16. Bd4 Nxd3 17. cxd3 Rb8 18. Rc1 Rd8 19. Qc2 e5 20. Be3 Be6 21. Nd2
d5 22. d4 exd4 23. Bxd4 dxe4 24. Bxf6 Bxf6 25. Ndxe4 Be7 26. Qa4 Rb4 27. Qa1 Qb6
28. Rc2 Rb8 29. Re1 h6 30. h3 Bf8 31. Nd1 Bxh3 32. Qc1 Qg6 33. Ng3 Be6 34. Rc6
R4b6 35. Rxb6 Rxb6 36. Nc3 Rb8 37. Nce4 Bb4 38. Qf4 Rd8 39. Nf6+ Qxf6 40. Qxb4
Qd4 41. Qa5 Qd2 42. Qe5 Rd5 43. Qb8+ Kh7 44. Re5 Qf4 0-1

[Event "St.Petersburg Summer Open"]
[Site "St Petersburg RUS"]
[Date "2016.08.25"]
[Round "9.15"]
[White "Lesovoi, Evgenij"]
[Black "Remizov, Yaroslav"]
[Result "0-1"]
[WhiteElo "2295"]
[BlackElo "2104"]
[WhiteFideId "24164135"]
[BlackFideId "34134015"]
[EventDate "2016.08.17"]

1. e4 d6 2. d4 Nf6 3. Nc3 Nbd7 4. Nf3 e5 5. Bc4 Be7 6. O-O O-O 7. a4 c6 8. Re1
a5 9. Ba2 exd4 10. Nxd4 Nc5 11. h3 Be6 12. Nxe6 fxe6 13. Qe2 Kh8 14. e5 Nd5 15.
exd6 Bxd6 16. Ne4 Nxe4 17. Qxe4 Qf6 18. Rf1 Bc5 19. c4 Bxf2+ 20. Kh1 Ne7 21. Bb1
Nf5 22. Bf4 Be3 23. Kh2 Bxf4+ 24. Rxf4 Qxb2 25. Ra2 Qb3 26. Rf3 Qd1 27. Raf2
Qd6+ 28. Kh1 g6 29. g4 Ng7 30. Qe5 Qd1+ 31. Rf1 Qxf3+ 32. Rxf3 Rxf3 33. Kg2 Raf8
34. Be4 Rf2+ 35. Kg3 Re2 36. Qd4 e5 37. Qd3 Re1 38. Bg2 Ra1 39. Qb3 h5 40. c5
hxg4 41. hxg4 Rf4 42. Qxb7 Raxa4 43. Bxc6 Rxg4+ 44. Kf2 Ra2+ 45. Ke3 Nf5+ 46.
Kd3 Rd4+ 47. Kc3 Ra3+ 48. Kb2 Rb4+ 49. Kxa3 Rxb7 50. Bxb7 Kg7 51. Ka4 Ne7 52.
Kxa5 Kf6 53. Kb6 Kf5 54. Kc7 e4 55. Kd6 e3 56. Bf3 Kf4 57. Bd1 Nf5+ 58. Kd5 g5
59. Kc4 g4 60. c6 g3 61. c7 g2 62. Kc5 g1=Q 0-1

[Event "St.Petersburg Summer Open"]
[Site "St Petersburg RUS"]
[Date "2016.08.25"]
[Round "9.16"]
[White "Bezstrakhov, Dmitry"]
[Black "Bazeev, German"]
[Result "0-1"]
[WhiteElo "1981"]
[BlackElo "2288"]
[WhiteFideId "34183768"]
[BlackFideId "24119350"]
[EventDate "2016.08.17"]

1. e4 c5 2. Nc3 Nc6 3. g3 e6 4. Bg2 Nf6 5. d3 Be7 6. Nge2 d5 7. exd5 exd5 8. O-O
Bg4 9. h3 Be6 10. Nf4 O-O 11. Qe2 Nd4 12. Qd1 Qd7 13. Nce2 Nc6 14. Kh2 Bd6 15.
Ng1 Rae8 16. Nf3 h6 17. Nxe6 fxe6 18. c3 e5 19. Kg1 e4 20. dxe4 dxe4 21. Ne1 Ne5
22. Bf4 c4 23. Bxe5 Rxe5 24. Nc2 Rd5 25. Qe2 b5 26. Rad1 Rd3 27. Bxe4 Nxe4 28.
Qxe4 Bxg3 29. Rxd3 Qxd3 30. Qxd3 cxd3 31. Ne3 Bh4 32. Ng2 Be7 33. Rd1 Rf3 34.
Ne1 Rxh3 35. Nxd3 Rh5 36. Re1 Kf8 37. Ne5 Bd6 38. Nf3 Rd5 39. Kg2 Kf7 40. Re4 g5
41. a4 h5 42. c4 bxc4 43. Rxc4 g4 44. Ng1 Rd2 45. b4 Ke6 46. Re4+ Kd5 47. Re8 h4
48. b5 h3+ 49. Nxh3 gxh3+ 50. Kxh3 Ra2 51. Ra8 Rxa4 52. b6 Ra3+ 53. Kg4 axb6 54.
Rd8 b5 55. Rd7 Kc6 56. Rh7 b4 57. Rh1 b3 58. Rb1 Kc5 59. Kf3 Kc4 60. Ke2 Bf4 61.
Kf3 Bd2 62. Ke4 Kc3 63. f4 Ra4+ 64. Kf3 Bxf4 0-1